Les pays francophones par drapeaux ! - Statistiques

Statistiques générales
  • Ce quiz a été pris 208 fois
  • Le résultat moyen est 24 sur 29
Statistiques - réponses
Par images Réponse % Correct
Belgique
99%
Canada
99%
France
96%
Suisse
95%
Luxembourg
93%
Côte d'Ivoire
91%
Cameroun
90%
République démocratique du Congo
88%
Sénégal
88%
République du Congo
87%
Burkina Faso
86%
Mali
86%
Monaco
86%
Bénin
84%
Niger
84%
Seychelles
84%
Madagascar
82%
Tchad
82%
Gabon
80%
Haïti
80%
Togo
79%
Burundi
78%
Comores
78%
Guinée
78%
Rwanda
73%
République Centrafricaine
72%
Djibouti
68%
Vanuatu
66%
Guinée équatoriale
64%
Aucun quiz correspondant
Distribution des résultats
% des personnes avec chaque résultat
Percentile par nombre de réponses
Votre historique - résultats
Vous n’avez pas pris ce quiz